000 01490nam a2200349 i 4500
001 bg
003 BPK
005 20220125151923.0
008 061115s2006 pl a |101 0 eng
015 _aPB 2006/26427
020 _a8391770133
020 _a9788391770139
040 _aWA N
_cBPK
080 _a621.3.049.77
080 _a(06)
111 2 _aIMAPS Poland Chapter 2006
_n(30 ;
_d2006 ;
_cKraków).
245 1 0 _aXXX International Conference IMAPS Poland Chapter 2006, Kraków, 24-27 September 2006 :
_bproceedings /
_c[ed. Wiesław Zaraska, Andrzej Cichocki, Dorota Szwagierczak].
246 3 _aInternational Conference IMAPS Poland Chapter 2006, Kraków, 24-27 September 2006, 30.
246 1 4 _aXXX International Conference of IMAPS Poland Chapter, Kraków, September 2006.
260 _aKraków :
_bInstitute of Electron Technology. Cracow Division,
_c[2006].
300 _a527 s. :
_bil. ;
_c30 cm +
_edysk optyczny (CD-ROM).
500 _aRok wyd. wg informacji od wydawcy.
504 _aBibliogr. przy ref. Indeks.
530 _aDostępny również jako dokument elektroniczny.
650 4 _aMikroelektronika
655 4 _aMateriały konferencyjne
700 1 _aZaraska, Wiesław.
_eRed.
700 1 _aSzwagierczak, Dorota.
_eRed.
700 1 _aCichocki, Andrzej
_c(nauki techniczne)
_eRedakcja
942 _2UKD
_cKS
856 _uhttp://koha.tu.koszalin.pl/cgi-bin/koha/opac-detail.pl?biblionumber=52631
_yKatalog online BPK
999 _c52631
_d52631